| 000 | 01038nam a2200289 4500 | ||
|---|---|---|---|
| 001 | 0000013686 | ||
| 003 | CO-CtgCURN | ||
| 005 | 20250331184439.0 | ||
| 007 | ta | ||
| 008 | 160627s1991 000 0 eng d | ||
| 040 |
_aCO-CtgCURN _bspa _ccoctgcurn |
||
| 082 | 0 |
_a345.72 _bC118p |
|
| 100 | 1 | _aCaceres R, Libia E. | |
| 245 | 1 | 0 |
_aPractica civil y comercial / _cLibia E. Caceres R. |
| 250 | _a2a ed. | ||
| 260 |
_aBogotá : _bLibrera Juridica Colombiana, _c1991. |
||
| 300 | _a629 p. | ||
| 336 | _2rdacontent | ||
| 337 |
_2rdamedia _asin mediacion _bn |
||
| 338 |
_2rdacarrier _avolumen _bnc |
||
| 500 | _aIncluye indice. | ||
| 505 | 8 | _aProcesos concursales.--Procesos probatorios.--Procesos ejecutivos.--Tramite de sucesion.--Proceso arbitral.--Medidas cautelares.--Procesos notariales.Los procesos Verbales.--Los procesos concursales | |
| 650 | 1 | 4 |
_aPractica civil (Derecho) _zColombia. |
| 908 | _a160627 | ||
| 942 |
_cBK _h345.72 _iC118p _2ddc |
||
| 999 |
_c19915 _d19915 |
||